<?xml version="1.0" encoding="UTF-8"?>
<collection xmlns="http://www.loc.gov/MARC21/slim">
 <record>
  <leader>00796nam a22001935a 4500</leader>
  <controlfield tag="001">CEM.cems002693</controlfield>
  <controlfield tag="005">20060217000000.0</controlfield>
  <controlfield tag="008">130507b######################000#0#####d</controlfield>
  <controlfield tag="003">CEMS</controlfield>
  <datafield tag="082" ind1="0" ind2="4">
   <subfield code="a">468.6</subfield>
  </datafield>
  <datafield tag="100" ind1="1" ind2=" ">
   <subfield code="a">García Belloso, Enrique</subfield>
  </datafield>
  <datafield tag="245" ind1="1" ind2="0">
   <subfield code="a">Prosa selecta /</subfield>
   <subfield code="c">Enrique Garcia Belloso</subfield>
  </datafield>
  <datafield tag="250" ind1=" " ind2=" ">
   <subfield code="a">11a. d</subfield>
  </datafield>
  <datafield tag="260" ind1=" " ind2=" ">
   <subfield code="a">Buenos Aires :</subfield>
   <subfield code="b">Estrada,    0</subfield>
  </datafield>
  <datafield tag="300" ind1=" " ind2=" ">
   <subfield code="a">339 p.</subfield>
  </datafield>
  <datafield tag="505" ind1="0" ind2=" ">
   <subfield code="a">Coleccion de trozos escogidos de autores nacionales y extranjeros, precedida de in ligero estudio de ortografia, de otro sobre los origenes del lenguaje castellano, de otro sobre teoria literaria, y seguida de una seleccion de locuciones y maximas griegas y latinas mas usuales</subfield>
  </datafield>
  <datafield tag="653" ind1=" " ind2=" ">
   <subfield code="a">Lectura-manual de</subfield>
  </datafield>
  <datafield tag="653" ind1=" " ind2=" ">
   <subfield code="a">Sintaxis</subfield>
  </datafield>
  <datafield tag="859" ind1=" " ind2=" ">
   <subfield code="a">CEMS</subfield>
   <subfield code="b">BIB. CEMS - 11 de abril</subfield>
   <subfield code="h">468.6</subfield>
   <subfield code="i">G165a11/II</subfield>
   <subfield code="p">9605.81</subfield>
   <subfield code="t">Ej.1</subfield>
  </datafield>
 </record>
</collection>
